000 00886aam a2200313 i 4500
001 768714001
003 CO-MdFUSB
005 20250430123726.0
007 ta
008 250430t1994 -us |||| |||| 00| 0 spa d
020 _a0-89922-571-
_q3
040 _cCO-MdFUSB
041 0 _aspa
_heng
082 0 4 _223
_a239
_bZ16p
100 1 _aZacharias, Ravi
_eautor
240 _aCan man live without god
245 1 0 _a¿Puede el hombre vivir sin Dios?
_c/ Ravi Zacharias ; traducido por Jorge Sánchez
264 1 _bCaribe,
_aNashville, TN., USA :
_c[1995]
264 4 _c©1995
300 _a304 páginas
336 _atexto
_btxt
_2rdacontent
337 _2rdamedia
_asin mediación
_bn
338 _2rdacarrier
_avolumen
_bnc
563 _aRústico
650 7 _aApologética
_9187
700 _aSánchez, Jorge,
_911341
_etraductor
942 _cBK
945 _aJTF-925
999 _c39196
_d39196